| 000 | 02500nam0a2200481 4500 | ||
|---|---|---|---|
| 001 | RU\NLR\bibl\264789 | ||
| 005 | 20250620131120.0 | ||
| 010 |
_a5-7418-0009-2 _91000 |
||
| 021 |
_aRU _b2001-62090 _93027 |
||
| 035 | _a(NLR Aleph) 000260387 | ||
| 090 |
_a1520938 _c1520938 |
||
| 100 | _a20020426d2001 |||y0rusy50 ca | ||
| 101 | 0 | _arus | |
| 102 | _aRU | ||
| 105 | _aa ||||||||| | ||
| 200 | 1 |
_aГидравлика и гидропривод _eУчеб. пособие для студентов вузов, обучающихся по направлению "Горн. дело" и спец. "Горн. машины и оборудование" _fН.С. Гудилин, Е.М. Кривенко, Б.С. Маховиков, И.Л. Пастоев _gПод общ. ред. проф. И.Л. Пастоева |
|
| 205 | _a3-е изд., стер. | ||
| 210 |
_aМ. _cИзд-во МГГУ _d2001 |
||
| 215 |
_a519 с. _cил. _d22 |
||
| 225 | 1 | _aВысшее горное образование | |
| 320 | _aБиблиогр.: с. 518-519 | ||
| 606 | 0 |
_aГидравлика _jРуководства, пособия и т.п. для высшей школы _91059651 _3RU\NLR\auth\6692643 |
|
| 606 | 0 |
_aГидравлика _jУчебные издания для высшей школы _91059651 _3RU\NLR\auth\6692643 |
|
| 606 | 0 |
_aРудничные гидравлические приводы _jРуководства, пособия и т.п. для высшей школы _91424686 _3RU\NLR\auth\66290306 |
|
| 606 | 0 |
_aРудничные гидравлические приводы _jУчебные издания для высшей школы _91424686 _3RU\NLR\auth\66290306 |
|
| 610 | 0 | _aГидравлика | |
| 610 | 0 | _aГидравлические приборы | |
| 675 |
_a621.22(075.8) _v3 _zrus |
||
| 686 |
_a44.37 _2rugasnti |
||
| 686 |
_a30.123я73 _2rubbk |
||
| 686 | _aЖ123я73-1 | ||
| 686 | _aИ-5-041.7я73-1 | ||
| 701 | 1 |
_aГудилин _bН. С. _gНиколай Семенович _4070 |
|
| 701 | 1 |
_aКривенко _bЕ. М. _gЕвгений Маркович _4070 |
|
| 701 | 1 |
_aМаховиков _bБ. С. _gБорис Серафимович _4070 |
|
| 701 | 1 |
_aПастоев _bИ. Л. _gИгорь Леонидович _4070 |
|
| 702 | 1 |
_aПастоев _bИ. Л. _gИгорь Леонидович _4340 |
|
| 801 | 0 |
_aRU _bRKP _c20020426 _gPSBO |
|
| 801 | 1 |
_aRU _bRKP _c20020426 |
|
| 801 | 2 |
_aRU _bNLR _c20020614 _grcr |
|
| 942 | _cBOOK | ||
| 980 | _aNB | ||